05238 2202209 4500001002100000005001500021035002000036007000300056008004100059020002200100082000800122084002000130100007100150245004500221260002600266990001600292990001600308990001600324990001600340990001600356990001600372990001600388990001600404990001600420990001600436990001600452990001600468990001600484990001600500990001600516990001600532990001600548990001600564990001600580990001600596990001600612990001600628990001600644990001600660990001600676990001600692990001600708990001600724990001600740990001600756990001600772990001600788990001600804990001600820990001600836990001600852990001600868990001600884990001600900990001600916990001600932990001600948990001600964990001600980990001600996990001601012990001601028990001601044990001601060990001601076990001601092990001601108990001601124990001601140990001601156990001601172990001601188990001601204990001601220990001601236990001601252990001601268990001601284990001601300990001601316990001601332990001601348990001601364990001601380990001601396990001601412990001601428990001601444990001601460990001601476990001601492990001601508990001601524990001601540990001601556990001601572990001601588990001601604990001601620990001601636990001601652990001601668990001601684990001601700990001601716990001601732990001601748990001601764990001601780990001601796990001601812990001601828990001601844990001601860990001601876990001601892990001601908990001601924990001601940990001601956990001601972990001601988990001602004990001602020990001602036990001602052990001602068990001602084990001602100990001602116990001602132990001602148990001602164990001602180990001602196990001602212990001602228990001602244990001602260990001602276990001602292990001602308990001602324990001602340990001602356990001602372990001602388990001602404990001602420990001602436990001602452990001602468990001602484990001602500990001602516990001602532990001602548990001602564990001602580990001602596990001602612990001602628990001602644990001602660990001602676990001602692990001602708990001602724990001602740990001602756990001602772990001602788990001602804990001602820990001602836990001602852990001602868990001602884990001602900990001602916990001602932990001602948990001602964990001602980990001602996990001603012INLIS00000000000014620210414095031 a0010-0421000146ta210414 g 0 ind  a978-979-8446-84-9 a2X2 a2X2 ALF f c.1700 aKemenag RI-Ahmad Alfan, Ahmad Taufik Wahyudi AS, Tri Bimo Soewarno1 aFIKIH untuk MA-IPA, IPS, Bahasa, Kelas X aJakarta :bKemenag RI a2013/h/1273 a2013/h/1273 a2013/h/1274 a2013/h/1275 a2013/h/1276 a2013/h/1277 a2013/h/1278 a2013/h/1279 a2013/h/1280 a2013/h/1281 a2013/h/1282 a2013/h/1283 a2013/h/1284 a2013/h/1285 a2013/h/1286 a2013/h/1287 a2013/h/1288 a2013/h/1289 a2013/h/1290 a2013/h/1291 a2013/h/1292 a2013/h/1293 a2013/h/1294 a2013/h/1295 a2013/h/1296 a2013/h/1297 a2013/h/1298 a2013/h/1299 a2013/h/1300 a2013/h/1301 a2013/h/1302 a2013/h/1303 a2013/h/1304 a2013/h/1305 a2013/h/1306 a2013/h/1307 a2013/h/1308 a2013/h/1309 a2013/h/1310 a2013/h/1311 a2013/h/1312 a2013/h/1313 a2013/h/1314 a2013/h/1315 a2013/h/1316 a2013/h/1317 a2013/h/1318 a2013/h/1319 a2013/h/1320 a2013/h/1321 a2013/h/1322 a2013/h/1323 a2013/h/1324 a2013/h/1325 a2013/h/1326 a2013/h/1327 a2013/h/1328 a2013/h/1329 a2013/h/1330 a2013/h/1331 a2013/h/1332 a2013/h/1333 a2013/h/1334 a2013/h/1335 a2013/h/1336 a2013/h/1337 a2013/h/1338 a2013/h/1339 a2013/h/1340 a2013/h/1341 a2013/h/1342 a2013/h/1343 a2013/h/1344 a2013/h/1345 a2013/h/1346 a2013/h/1347 a2013/h/1348 a2013/h/1349 a2013/h/1350 a2013/h/1351 a2013/h/1352 a2013/h/1353 a2013/h/1354 a2013/h/1355 a2013/h/1356 a2013/h/1357 a2013/h/1358 a2013/h/1359 a2013/h/1360 a2013/h/1361 a2013/h/1362 a2013/h/1363 a2013/h/1364 a2013/h/1365 a2013/h/1366 a2013/h/1367 a2013/h/1368 a2013/h/1369 a2013/h/1370 a2013/h/1371 a2013/h/1372 a2013/h/1373 a2013/h/1374 a2013/h/1375 a2013/h/1376 a2013/h/1377 a2013/h/1378 a2013/h/1379 a2013/h/1380 a2013/h/1381 a2013/h/1382 a2013/h/1383 a2013/h/1384 a2013/h/1385 a2013/h/1386 a2013/h/1387 a2013/h/1388 a2013/h/1389 a2013/h/1390 a2013/h/1391 a2013/h/1392 a2013/h/1393 a2013/h/1394 a2013/h/1395 a2013/h/1396 a2013/h/1397 a2013/h/1398 a2013/h/1399 a2013/h/1400 a2013/h/1401 a2013/h/1402 a2013/h/1403 a2013/h/1404 a2013/h/1405 a2013/h/1406 a2013/h/1407 a2013/h/1408 a2013/h/1409 a2013/h/1410 a2013/h/1411 a2013/h/1412 a2013/h/1413 a2013/h/1414 a2013/h/1415 a2013/h/1416 a2013/h/1417 a2013/h/1418 a2013/h/1419 a2013/h/1420 a2013/h/1421 a2013/h/1422 a2013/h/1423 a2013/h/1424 a2013/h/1425 a2013/h/1426 a2013/h/1427 a2013/h/1428 a2013/h/1429 a2013/h/1430 a2013/h/1431 a2013/h/1432 a2013/h/1433 a2013/h/1434 a2013/h/1435 a2013/h/1436 a2013/h/1437 a2013/h/1438 a2013/h/1439 a2013/h/1440 a2013/h/1441 a2013/h/1442